[Event "Junior Online 4NCL Division 4"]
[Site "online"]
[Date "2021.10.28"]
[EventDate "2021.10.28"]
[Round "6.184"]
[White "Edwards, Zachary"]
[WhiteElo "868"]
[WhiteTeam "Surrey Kings 4"]
[Black "Becker, Mia"]
[BlackElo "700"]
[BlackTeam "Desert Penguins Unicorn"]
[Result "1-0"]
[PlyCount "117"]

1. d4 d5 2. c4 dxc4 3. e4 Nc6 4. Bxc4 Nxd4 5. Nf3 c5 6. Nxd4 cxd4 7. Qa4+ Bd7 8. Bb5 a6 9. Bxd7+ Qxd7 10. Qxd7+ Kxd7 11. Nd2 e5 12. Nb3 b6 13. O-O Nf6 14. Nd2 Bb4 15. Nf3 Nxe4 16. Nxe5+ Kc7 17. Nxf7 Rhf8 18. Ne5 Bd6 19. f3 Nc5 20. Nc4 Be7 21. Ne5 Rad8 22. h3 Rd5 23. Re1 Bf6 24. Ng4 Nd3 25. Rd1 Nxc1 26. Rdxc1+ Kd7 27. Nxf6+ Rxf6 28. Re1 d3 29. Rac1 d2 30. Red1 dxc1=N 31. Rxd5+ Ke7 32. Rd1 Ne2+ 33. Kf2 Nf4 34. Re1+ Kf7 35. Rd1 h5 36. Rd7+ Kg6 37. g3 Nxh3+ 38. Kg2 Ng5 39. f4 Ne4 40. Kf3 Nd2+ 41. Ke3 Nf1+ 42. Kf2 Nh2 43. Kg2 Ng4 44. Kf3 Nh6 45. Ra7 Rf7 46. Rxf7 Kxf7 47. b4 b5 48. a3 g6 49. Kg2 Nf5 50. Kf3 Ke7 51. Ke4 Kd7 52. Kf3 Kd6 53. g4 Nd4+ 54. Kg3 Kd5 55. gxh5 gxh5 56. Kh4 Nf3+ 57. Kxh5 a5 58. Kg4 Nd2 59. f5 1-0

[Event "Junior Online 4NCL Division 4"]
[Site "online"]
[Date "2021.10.28"]
[EventDate "2021.10.28"]
[Round "6.185"]
[White "Liu, Reuben"]
[WhiteElo "908"]
[WhiteTeam "Surrey Kings 4"]
[Black "Matveev, Grigory"]
[BlackElo "1137"]
[BlackTeam "Desert Penguins Unicorn"]
[Result "0-1"]
[PlyCount "64"]

1. e4 c5 2. Nf3 d6 3. d4 cxd4 4. Nxd4 Nc6 5. Nc3 Nxd4 6. Qxd4 e6 7. Bb5+ Bd7 8. Bxd7+ Qxd7 9. Bg5 f6 10. Bh4 Be7 11. O-O-O O-O-O 12. Qc4+ Kb8 13. Nb5 d5 14. exd5 exd5 15. Rxd5 Qxd5 16. Qc7+ Ka8 17. Bxf6 Nxf6 18. Qxe7 Qxb5 19. Rd1 Rxd1+ 20. Kxd1 Qd5+ 21. Kc1 Qg5+ 22. Kd1 Qxg2 23. h4 Qg4+ 24. Kc1 Re8 25. Qxe8+ Nxe8 26. a4 Qxh4 27. b3 Qxf2 28. c4 g5 29. b4 g4 30. c5 g3 31. b5 g2 32. a5 g1=Q# 0-1

[Event "Junior Online 4NCL Division 4"]
[Site "online"]
[Date "2021.10.28"]
[EventDate "2021.10.28"]
[Round "6.186"]
[White "Tengayev, Temir"]
[WhiteElo "895"]
[WhiteTeam "Desert Penguins Unicorn"]
[Black "Flanders, William"]
[BlackElo "869"]
[BlackTeam "Surrey Kings 4"]
[Result "1-0"]
[PlyCount "79"]

1. d4 d5 2. c4 dxc4 3. e3 b5 4. a4 a6 5. axb5 Bb7 6. Bxc4 axb5 7. Bxb5+ Nc6 8. Rxa8 Qxa8 9. Bxc6+ Bxc6 10. Nc3 Bxg2 11. Nb5 Qa6 12. Nxc7+ Kd8 13. Nxa6 Bxh1 14. Bd2 e6 15. Qc2 Bd6 16. Bb4 Bxb4+ 17. Nxb4 Ne7 18. Na6 Nc8 19. Qc7+ Ke8 20. Qxc8+ Ke7 21. Qxh8 Bb7 22. Qb8 Bxa6 23. Qa7+ Kf6 24. Qxa6 g5 25. b4 Kg6 26. b5 Kf6 27. b6 Kg6 28. b7 Kf6 29. b8=Q h6 30. Qa5 h5 31. d5 exd5 32. Qxd5 g4 33. Qbd6+ Kg7 34. Qxh5 f6 35. Qxg4+ Kf7 36. Qge6+ Kg6 37. Qxf6+ Kh7 38. Qg5 Kh8 39. Qdf6+ Kh7 40. Qgg7# 1-0

[Event "Junior Online 4NCL Division 4"]
[Site "online"]
[Date "2021.10.28"]
[EventDate "2021.10.28"]
[Round "6.187"]
[White "Cole, Ted"]
[WhiteElo "850"]
[WhiteTeam "Surrey Kings 4"]
[Black "Deng, Jiahao"]
[BlackElo "935"]
[BlackTeam "Desert Penguins Unicorn"]
[Result "0-1"]
[PlyCount "56"]

1. d4 d5 2. c4 dxc4 3. e4 Nf6 4. Bxc4 Nc6 5. f3 e6 6. Bg5 Bb4+ 7. Nd2 Nxd4 8. e5 Be7 9. Bxf6 Bxf6 10. Ne2 Nxe2 11. Qxe2 Bh4+ 12. g3 Bg5 13. Rd1 Bd7 14. f4 Be7 15. O-O O-O 16. Qf3 Rb8 17. Nb3 f5 18. Bb5 Bxb5 19. Rxd8 Rbxd8 20. Rd1 Rxd1+ 21. Qxd1 Rd8 22. Qh5 g6 23. Qf3 Rd3 24. Qxb7 Rd1+ 25. Kg2 Bf1+ 26. Kf3 Rd3+ 27. Kf2 Bh3 28. Qc8+ Rd8 0-1

[Event "Junior Online 4NCL Division 4"]
[Site "online"]
[Date "2021.10.28"]
[EventDate "2021.10.28"]
[Round "6.188"]
[White "Becker, Mia"]
[WhiteElo "700"]
[WhiteTeam "Desert Penguins Unicorn"]
[Black "Edwards, Zachary"]
[BlackElo "868"]
[BlackTeam "Surrey Kings 4"]
[Result "0-1"]
[PlyCount "64"]

1. d4 d6 2. Bf4 Nc6 3. e3 e5 4. dxe5 dxe5 5. Qxd8+ Nxd8 6. Bxe5 Nc6 7. Bxc7 Nf6 8. Nf3 Bb4+ 9. c3 Bc5 10. Bd3 Be6 11. O-O O-O 12. Nbd2 g6 13. b4 Be7 14. b5 Rac8 15. Be4 Rxc7 16. bxc6 bxc6 17. Ne5 Bf5 18. Bxc6 Bd3 19. Nxd3 Rxc6 20. a3 Rxc3 21. Nf4 Rc2 22. Rad1 Ra2 23. Nc4 Rc8 24. Rc1 Nd7 25. Nd5 Bxa3 26. Ne7+ Bxe7 27. Rfd1 Ba3 28. Nxa3 Rxc1 29. Rxc1 Rxa3 30. e4 Nc5 31. Rxc5 Ra1+ 32. Rc1 Rxc1# 0-1

[Event "Junior Online 4NCL Division 4"]
[Site "online"]
[Date "2021.10.28"]
[EventDate "2021.10.28"]
[Round "6.191"]
[White "Saurymper, Mylo"]
[WhiteElo "700"]
[WhiteTeam "Edgware Gambits K"]
[Black "Buchan, William Zhao"]
[BlackElo "1230"]
[BlackTeam "London Dragons Californium"]
[Result "0-1"]
[PlyCount "78"]

1. e4 e5 2. Nf3 Nc6 3. d4 f6 4. Nc3 Nge7 5. Bb5 a6 6. Bxc6 Nxc6 7. dxe5 fxe5 8. Bg5 Be7 9. Bxe7 Qxe7 10. O-O d6 11. Nd5 Qd7 12. Ng5 O-O 13. b4 Qd8 14. h4 h6 15. Nh3 Be6 16. g3 Bxh3 17. Kh2 Bxf1 18. Qxf1 Nd4 19. c3 Nf3+ 20. Kg2 b5 21. c4 Nd2 22. Qd3 Nxc4 23. Rd1 Nb2 24. Qf3 Rxf3 25. Kxf3 Nxd1 26. Ke2 Nc3+ 27. Nxc3 c5 28. Nd5 cxb4 29. Nxb4 Qa5 30. Nc6 Qxa2+ 31. Kd3 Qc4+ 32. Ke3 Qxc6 33. Kf3 Rf8+ 34. Kg4 Qd7+ 35. Kh5 Kh7 36. f4 exf4 37. gxf4 Rxf4 38. e5 Qe7 39. exd6 Qxh4# 0-1

[Event "Junior Online 4NCL Division 4"]
[Site "online"]
[Date "2021.10.28"]
[EventDate "2021.10.28"]
[Round "6.193"]
[White "Iyer, Pranav"]
[WhiteElo "700"]
[WhiteTeam "Edgware Gambits K"]
[Black "Yang, Miao"]
[BlackElo "1240"]
[BlackTeam "London Dragons Californium"]
[Result "1-0"]
[PlyCount "43"]

1. e4 e5 2. Nf3 Nc6 3. d4 exd4 4. Nxd4 Nxd4 5. Qxd4 Nf6 6. Qd2 a5 7. Qd1 Nxe4 8. Bd3 d5 9. Bxe4 d4 10. O-O Bd6 11. Nd2 O-O 12. Nf3 c5 13. Bd2 Bc7 14. Qe2 Qd6 15. Rad1 Bg4 16. g3 Qf6 17. Rde1 Rfe8 18. Bxb7 Rxe2 19. Rxe2 Bxf3 20. Ree1 Rb8 21. Ba6 Rxb2 22. Re8# 1-0

[Event "Junior Online 4NCL Division 4"]
[Site "online"]
[Date "2021.10.28"]
[EventDate "2021.10.28"]
[Round "6.195"]
[White "Buchan, William Zhao"]
[WhiteElo "1230"]
[WhiteTeam "London Dragons Californium"]
[Black "Saurymper, Mylo"]
[BlackElo "700"]
[BlackTeam "Edgware Gambits K"]
[Result "1-0"]
[PlyCount "67"]

1. e4 c5 2. Qh5 Nc6 3. Bc4 g6 4. Qf3 Nf6 5. d3 Bg7 6. Bg5 O-O 7. Bxf6 Bxf6 8. Ne2 Bd4 9. c3 Bf6 10. O-O e6 11. Na3 d5 12. exd5 exd5 13. Bxd5 Ne5 14. Qe4 Rb8 15. Rad1 Bf5 16. Bxf7+ Rxf7 17. Qe3 Rc8 18. d4 cxd4 19. cxd4 Nc4 20. Nxc4 Rxc4 21. b3 Rb4 22. d5 Bg5 23. f4 Bh6 24. Nd4 Bd7 25. a3 Rb6 26. Rc1 Bb5 27. Qh3 Bxf1 28. Ne6 Rxe6 29. dxe6 Re7 30. Rxf1 Qd4+ 31. Kh1 Bxf4 32. Qh4 g5 33. Qh6 Bd2 34. Qf8# 1-0

[Event "Junior Online 4NCL Division 4"]
[Site "online"]
[Date "2021.10.28"]
[EventDate "2021.10.28"]
[Round "6.197"]
[White "Yang, Miao"]
[WhiteElo "1240"]
[WhiteTeam "London Dragons Californium"]
[Black "Iyer, Pranav"]
[BlackElo "700"]
[BlackTeam "Edgware Gambits K"]
[Result "1-0"]
[PlyCount "69"]

1. e4 e5 2. Nf3 Nc6 3. d4 exd4 4. Nxd4 Bc5 5. Be3 Qf6 6. Nxc6 Qxc6 7. Nc3 Bxe3 8. fxe3 Nf6 9. Bd3 O-O 10. O-O Re8 11. Qf3 d6 12. h3 a6 13. a4 Be6 14. Qg3 Nh5 15. Qg5 Nf6 16. Rf3 g6 17. Qh6 Nd7 18. Rf4 f6 19. Rh4 Re7 20. e5 Nxe5 21. Be4 d5 22. Bxd5 Bxd5 23. Nxd5 Qxd5 24. e4 Qc6 25. Qe3 Nc4 26. Qc3 Rxe4 27. Rxe4 Qxe4 28. Qxf6 Ne3 29. Qf2 Rf8 30. Qg3 Nf5 31. Qb3+ Rf7 32. Rd1 Kg7 33. Qc3+ Kh6 34. g4 Ne3 35. Qd2 1-0

[Event "Junior Online 4NCL Division 4"]
[Site "online"]
[Date "2021.10.28"]
[EventDate "2021.10.28"]
[Round "6.201"]
[White "Twomey, Liam"]
[WhiteElo "1812"]
[WhiteTeam "Cork Juniors"]
[Black "Vaz, Bryan"]
[BlackElo "850"]
[BlackTeam "Surrey Kings 5"]
[Result "1-0"]
[PlyCount "85"]

1. e4 e5 2. Nc3 Bc5 3. Bc4 Nc6 4. Qg4 g6 5. Qf3 f6 6. Nge2 b6 7. Bxg8 Rxg8 8. Nd5 Rf8 9. c3 Ne7 10. Nxf6+ Kf7 11. Nxd7+ Kg7 12. Qxf8+ Qxf8 13. Nxf8 Kxf8 14. d4 exd4 15. cxd4 Bd6 16. Bh6+ Kg8 17. e5 Bb4+ 18. Bd2 Bxd2+ 19. Kxd2 Bf5 20. Rac1 Rc8 21. f3 c5 22. g4 Be6 23. dxc5 bxc5 24. b3 c4 25. Nf4 Bf7 26. e6 Be8 27. Rxc4 Rd8+ 28. Ke3 Nd5+ 29. Nxd5 Rxd5 30. Rc8 Re5+ 31. Kf2 Rxe6 32. Re1 Rxe1 33. Kxe1 Kf7 34. Rc7+ Kf6 35. Rxa7 Bc6 36. Ra6 Kg5 37. Rxc6 h6 38. h4+ Kxh4 39. Rxg6 h5 40. gxh5 Kxh5 41. Rg8 Kh6 42. Ke2 Kh7 43. Rg1 1-0

[Event "Junior Online 4NCL Division 4"]
[Site "online"]
[Date "2021.10.28"]
[EventDate "2021.10.28"]
[Round "6.202"]
[White "Song, Meilin"]
[WhiteElo "888"]
[WhiteTeam "Surrey Kings 5"]
[Black "Schmidt, Eoin"]
[BlackElo "1097"]
[BlackTeam "Cork Juniors"]
[Result "0-1"]
[PlyCount "76"]

1. e4 e5 2. Nf3 Nc6 3. Nc3 Nf6 4. Bc4 Bc5 5. O-O d6 6. d3 h6 7. h3 O-O 8. Be3 Bb6 9. Bxb6 axb6 10. Nd5 Nxd5 11. exd5 Nd4 12. Nxd4 exd4 13. c3 dxc3 14. bxc3 Bf5 15. d4 c6 16. dxc6 bxc6 17. Qf3 Qf6 18. Qxc6 Rfc8 19. Qxb6 Rxc4 20. Qb7 Rcc8 21. Rae1 Bd3 22. Qe7 Qxe7 23. Rxe7 Bxf1 24. Rd7 Bc4 25. Rxd6 Bxa2 26. f4 Rxc3 27. d5 Rc1+ 28. Kh2 Bb1 29. g4 Ra3 30. Rb6 Rc2+ 31. Kh1 Rxh3+ 32. Kg1 Ba2 33. Rd6 Re2 34. Kf1 Bc4 35. Rd8+ Kh7 36. Rd7 Rd2+ 37. Ke1 Ra2 38. Kd1 Rh1# 0-1

[Event "Junior Online 4NCL Division 4"]
[Site "online"]
[Date "2021.10.28"]
[EventDate "2021.10.28"]
[Round "6.203"]
[White "Philip, Tom"]
[WhiteElo "939"]
[WhiteTeam "Cork Juniors"]
[Black "Choi, Ethan"]
[BlackElo "927"]
[BlackTeam "Surrey Kings 5"]
[Result "1-0"]
[PlyCount "99"]

1. d4 d5 2. Nf3 Nc6 3. e3 f6 4. Be2 e5 5. dxe5 fxe5 6. O-O Bf5 7. Nc3 Bc5 8. Nxd5 Nf6 9. Nxf6+ gxf6 10. Qxd8+ Kxd8 11. Rd1+ Ke7 12. Bd2 Rae8 13. Nh4 Bxc2 14. Rdc1 Be4 15. Rxc5 Kd8 16. f3 Bc2 17. Rxc2 Nb4 18. Bxb4 Kc8 19. Rac1 Kb8 20. Rxc7 Rc8 21. Rxc8+ Rxc8 22. Bd6+ Rc7 23. Bxc7+ Kc8 24. Bxe5+ Kd7 25. Bxf6 Ke6 26. Bh8 Kd5 27. Rc7 b5 28. Rxa7 Kc5 29. Rc7+ Kb6 30. Be5 b4 31. a3 Ka5 32. axb4+ Kxb4 33. Rb7+ Kc5 34. b4+ Kc6 35. Ba6 Kd5 36. b5 Kxe5 37. b6 Kd6 38. Rb8 Kc6 39. b7 Kc7 40. Rc8+ Kb6 41. b8=Q+ Kxa6 42. Qa8+ Kb6 43. Rb8+ Kc7 44. Qa7+ Kc6 45. Rb6+ Kc5 46. Qa5+ Kc4 47. Rb4+ Kd3 48. Qa3+ Ke2 49. Rb2+ Kd1 50. Qa1# 1-0

[Event "Junior Online 4NCL Division 4"]
[Site "online"]
[Date "2021.10.28"]
[EventDate "2021.10.28"]
[Round "6.204"]
[White "Liu, Kieron"]
[WhiteElo "262"]
[WhiteTeam "Surrey Kings 5"]
[Black "Syed, Hassan"]
[BlackElo "830"]
[BlackTeam "Cork Juniors"]
[Result "0-1"]
[PlyCount "116"]

1. e4 e5 2. Nf3 Nf6 3. Nxe5 Nxe4 4. Qe2 d5 5. Nc3 Nxc3 6. dxc3 Qe7 7. Qb5+ c6 8. Qe2 Be6 9. Bf4 g5 10. Bg3 f6 11. Nf3 Bg7 12. Qd3 O-O 13. b3 h5 14. c4 h4 15. cxd5 cxd5 16. Bxb8 Raxb8 17. c4 dxc4 18. bxc4 f5 19. Rc1 Qb4+ 20. Nd2 Rfd8 21. Qc2 Bxc4 22. Qxc4+ Qxc4 23. Rxc4 Kh7 24. Rc7 Kg6 25. g3 Bc3 26. Rxc3 Rd7 27. gxh4 g4 28. Bb5 Rd5 29. Bc4 Rd4 30. f3 Re8+ 31. Kf2 Rxd2+ 32. Be2 Rdxe2+ 33. Kg3 Rxa2 34. fxg4 fxg4 35. Kxg4 Rg2+ 36. Rg3 Rxg3+ 37. hxg3 Rg8 38. h5+ Kh6+ 39. Kf3 Kg5 40. h6 Rh8 41. h7 Kg6 42. Ke4 Rxh7 43. Rxh7 Kxh7 44. Kd4 Kg6 45. Kc5 Kg5 46. Kb5 Kg4 47. Ka5 Kxg3 48. Kb5 Kf3 49. Ka5 Ke3 50. Kb5 Kd4 51. Ka5 Kc5 52. Ka4 a6 53. Ka5 b5 54. Kxa6 b4 55. Ka5 b3 56. Ka4 b2 57. Ka3 b1=Q 58. Ka4 Qb4# 0-1

[Event "Junior Online 4NCL Division 4"]
[Site "online"]
[Date "2021.10.28"]
[EventDate "2021.10.28"]
[Round "6.205"]
[White "Vaz, Bryan"]
[WhiteElo "850"]
[WhiteTeam "Surrey Kings 5"]
[Black "Twomey, Liam"]
[BlackElo "1812"]
[BlackTeam "Cork Juniors"]
[Result "0-1"]
[PlyCount "150"]

1. d4 e6 2. Nc3 d5 3. Nf3 Bb4 4. Bd2 Nf6 5. a3 Be7 6. e3 c5 7. dxc5 Bxc5 8. Na2 Nc6 9. b4 Bb6 10. c4 dxc4 11. Bxc4 O-O 12. O-O Bc7 13. Qb3 Ne5 14. Nxe5 Bxe5 15. Rad1 Qc7 16. f4 Bd6 17. Rc1 Qd8 18. Rfd1 Qe7 19. Re1 e5 20. g3 Ne4 21. Bc3 Nxc3 22. Nxc3 Be6 23. Bd5 Rad8 24. Rcd1 Rd7 25. Nb5 Bxd5 26. Qxd5 Rfd8 27. Qb3 a6 28. Nc3 Qe6 29. Nd5 Bxb4 30. axb4 Rxd5 31. Rxd5 Qxd5 32. Qxd5 Rxd5 33. Rc1 Kf8 34. Rc8+ Ke7 35. Rc7+ Rd7 36. Rc5 exf4 37. exf4 f6 38. Kf2 b6 39. Rc3 Rd2+ 40. Ke3 Rxh2 41. Rc6 Rg2 42. Kf3 Ra2 43. Rxb6 a5 44. Kg4 axb4 45. Rxb4 Kf7 46. Rb7+ Kg6 47. f5+ Kh6 48. Rb1 Ra4+ 49. Kh3 Kg5 50. Rb5 Ra3 51. Rc5 Rf3 52. Rc4 Rxf5 53. Rg4+ Kh6 54. Rh4+ Rh5 55. g4 Rxh4+ 56. Kxh4 g6 57. Kg3 Kg5 58. Kf3 h5 59. gxh5 gxh5 60. Kg3 f5 61. Kh3 Kf4 62. Kg2 h4 63. Kh3 Kf3 64. Kh2 Kf2 65. Kh1 f4 66. Kh2 f3 67. Kh1 Ke2 68. Kh2 f2 69. Kh1 f1=Q+ 70. Kh2 Qf2+ 71. Kh1 Qf3+ 72. Kh2 Qf4+ 73. Kh1 Qg4 74. Kh2 Kf2 75. Kh1 Qg2# 0-1

[Event "Junior Online 4NCL Division 4"]
[Site "online"]
[Date "2021.10.28"]
[EventDate "2021.10.28"]
[Round "6.206"]
[White "Schmidt, Eoin"]
[WhiteElo "1097"]
[WhiteTeam "Cork Juniors"]
[Black "Song, Meilin"]
[BlackElo "888"]
[BlackTeam "Surrey Kings 5"]
[Result "1/2-1/2"]
[PlyCount "30"]

1. e4 e5 2. Nf3 Nc6 3. Nc3 Nf6 4. Bc4 Bc5 5. d3 O-O 6. Bg5 h6 7. Bh4 Ng4 8. Bxd8 Rxd8 9. O-O Nxf2 10. Rxf2 Bxf2+ 11. Kxf2 Nd4 12. Nxd4 exd4 13. Nd5 Re8 14. Nxc7 Rd8 15. Nxa8 a6 1/2-1/2

[Event "Junior Online 4NCL Division 4"]
[Site "online"]
[Date "2021.10.28"]
[EventDate "2021.10.28"]
[Round "6.207"]
[White "Choi, Ethan"]
[WhiteElo "927"]
[WhiteTeam "Surrey Kings 5"]
[Black "Philip, Tom"]
[BlackElo "939"]
[BlackTeam "Cork Juniors"]
[Result "0-1"]
[PlyCount "114"]

1. e4 e5 2. Nf3 Nc6 3. Bc4 Be7 4. d3 d6 5. Nc3 Bd7 6. Bg5 Bxg5 7. Nxg5 Qxg5 8. O-O Qd8 9. f4 Nf6 10. fxe5 dxe5 11. g4 Bxg4 12. Qe1 O-O 13. Kf2 Nh5 14. Rg1 Qh4+ 15. Ke3 Qg5+ 16. Kf2 h6 17. d4 Nf4 18. dxe5 Nh3+ 19. Kf1 Nxg1 20. Kxg1 Be6+ 21. Kh1 Bxc4 22. Ne2 Bxe2 23. Qxe2 Nxe5 24. Qb5 Ng4 25. Qe2 Qh5 26. Rg1 Nf6 27. Qg2 g6 28. e5 Ne8 29. a4 Qxe5 30. b3 Qb2 31. h3 Rd8 32. h4 Nf6 33. h5 Nxh5 34. Re1 Nf4 35. Qh2 Qc3 36. Rc1 Qh3 37. Qxh3 Nxh3 38. Kh2 Nf2 39. c4 Rd1 40. Rc2 Ng4+ 41. Kg3 Rg1+ 42. Kf3 Ne5+ 43. Kf2 Rd1 44. b4 Nd3+ 45. Ke2 Rc1 46. Rd2 Nxb4 47. c5 Rxc5 48. Rd7 Re8+ 49. Kd2 b5 50. Rxc7 Rxc7 51. axb5 Rb7 52. Kc3 Rxb5 53. Kc4 Reb8 54. Kb3 Nd5+ 55. Ka4 Rb1 56. Ka5 R8b2 57. Ka6 Ra2# 0-1

[Event "Junior Online 4NCL Division 4"]
[Site "online"]
[Date "2021.10.28"]
[EventDate "2021.10.28"]
[Round "6.208"]
[White "Syed, Hassan"]
[WhiteElo "830"]
[WhiteTeam "Cork Juniors"]
[Black "Liu, Kieron"]
[BlackElo "262"]
[BlackTeam "Surrey Kings 5"]
[Result "1-0"]
[PlyCount "39"]

1. e4 e5 2. Nf3 Nf6 3. Nxe5 Nc6 4. Nxc6 Bc5 5. Nxd8 Kxd8 6. e5 Ng4 7. Qxg4 c6 8. Qxg7 Re8 9. Qxf7 Rxe5+ 10. Be2 d5 11. Qg8+ Kc7 12. Qg7+ Kd8 13. Qxe5 b6 14. Bh5 Ba6 15. d3 d4 16. Bg5+ Kc8 17. Qe8+ Kb7 18. Qd7+ Kb8 19. Bf4+ Bd6 20. Bxd6# 1-0

[Event "Junior Online 4NCL Division 4"]
[Site "online"]
[Date "2021.10.28"]
[EventDate "2021.10.28"]
[Round "6.211"]
[White "Sundararaju, Ritvik"]
[WhiteElo "934"]
[WhiteTeam "Uxbridge D"]
[Black "Dafydd, Cai"]
[BlackElo "843"]
[BlackTeam "Young Dragons D"]
[Result "1-0"]
[PlyCount "25"]

1. e4 e5 2. Nf3 Nc6 3. Bd3 Bc5 4. Nc3 Nf6 5. Nd5 Ng4 6. O-O Nd4 7. Nxd4 Bxd4 8. Qxg4 O-O 9. c3 Qf6 10. Nxf6+ Kh8 11. c4 Re8 12. Nxe8 h5 13. Qxg7# 1-0

[Event "Junior Online 4NCL Division 4"]
[Site "online"]
[Date "2021.10.28"]
[EventDate "2021.10.28"]
[Round "6.212"]
[White "Dafydd, Gruff"]
[WhiteElo "644"]
[WhiteTeam "Young Dragons D"]
[Black "Bhargava, Arnav"]
[BlackElo "850"]
[BlackTeam "Uxbridge D"]
[Result "0-1"]
[PlyCount "34"]

1. e4 c6 2. Qh5 Nf6 3. Qxh7 Nxh7 4. Ba6 Nxa6 5. Nf3 d5 6. Ng5 Nxg5 7. d3 dxe4 8. Bxg5 Qa5+ 9. Nc3 e6 10. O-O Qxg5 11. Rfe1 e5 12. Rxe4 Bh3 13. g3 Nc5 14. Rae1 Nxe4 15. Rxe4 Qc1+ 16. Nd1 Qxd1+ 17. Re1 Qxe1# 0-1

[Event "Junior Online 4NCL Division 4"]
[Site "online"]
[Date "2021.10.28"]
[EventDate "2021.10.28"]
[Round "6.216"]
[White "Bhargava, Arnav"]
[WhiteElo "850"]
[WhiteTeam "Uxbridge D"]
[Black "Dafydd, Gruff"]
[BlackElo "644"]
[BlackTeam "Young Dragons D"]
[Result "1-0"]
[PlyCount "43"]

1. d4 a5 2. e4 a4 3. Bc4 a3 4. Nxa3 Rxa3 5. bxa3 b5 6. Bxb5 c5 7. Bc4 d5 8. exd5 Qxd5 9. Bxd5 e5 10. Qh5 cxd4 11. Qxf7+ Kd8 12. Bg5+ Be7 13. Qf8+ Kd7 14. Bxe7 Nf6 15. Bxf6 Rxf8 16. Bxg7 Rf4 17. Rb1 Na6 18. a4 Nc5 19. c4 Nd3+ 20. Ke2 e4 21. a5 Rxf2+ 22. Kd1 1/2-1/2

[Event "Junior Online 4NCL Division 4"]
[Site "online"]
[Date "2021.10.28"]
[EventDate "2021.10.28"]
[Round "6.222"]
[White "Gray, Kate"]
[WhiteElo "849"]
[WhiteTeam "Ojays G"]
[Black "Munshi, Rayyan"]
[BlackElo "745"]
[BlackTeam "Manchester Juniors E"]
[Result "1-0"]
[PlyCount "109"]

1. e4 e5 2. Nf3 Nc6 3. Nc3 Nf6 4. Bc4 Bb4 5. O-O O-O 6. d3 d6 7. h3 h6 8. a3 Bxc3 9. bxc3 Be6 10. Bb3 Bxb3 11. cxb3 Kh7 12. Nh2 Na5 13. b4 Nc6 14. Qf3 Re8 15. Qg3 Ne7 16. f4 exf4 17. Rxf4 c5 18. bxc5 dxc5 19. Rh4 b5 20. Qf4 Kg8 21. Qg3 Nf5 22. Qf4 Nxh4 23. Qxh4 b4 24. axb4 cxb4 25. cxb4 Rb8 26. Qg3 Rxb4 27. Bxh6 Kf8 28. Qxg7+ Ke7 29. Rxa7+ Ke6 30. Ng4 Rg8 31. Qxf7+ Kd6 32. Ra6+ Kc5 33. Qxf6 Qxf6 34. Rxf6 Kd4 35. Rd6+ Kc5 36. Rd5+ Kc6 37. Ne5+ Kb6 38. Be3+ Ka6 39. g4 Rh8 40. Kg2 Rc8 41. g5 Rg8 42. g6 Kb7 43. h4 Kc7 44. h5 Rb3 45. h6 Rb2+ 46. Kg3 Re2 47. Bc5 Rd2 48. Kg4 Rh8 49. g7 Rxh6 50. g8=Q Rh3 51. Qd8+ Kb7 52. Rd6 Rhxd3 53. Qb6+ Kc8 54. Qc6+ Kb8 55. Nd7# 1-0

[Event "Junior Online 4NCL Division 4"]
[Site "online"]
[Date "2021.10.28"]
[EventDate "2021.10.28"]
[Round "6.226"]
[White "Munshi, Rayyan"]
[WhiteElo "745"]
[WhiteTeam "Manchester Juniors E"]
[Black "Gray, Kate"]
[BlackElo "849"]
[BlackTeam "Ojays G"]
[Result "0-1"]
[PlyCount "68"]

1. e4 e5 2. Nf3 Nc6 3. Bc4 Be7 4. O-O Nf6 5. d3 O-O 6. Nc3 d6 7. Bg5 Bg4 8. h3 Bh5 9. g4 Bg6 10. Bxf6 Bxf6 11. Re1 h6 12. Nb5 a6 13. Nc3 b5 14. Bd5 Qd7 15. Kh2 b4 16. Bxc6 Qxc6 17. Ne2 a5 18. c3 bxc3 19. bxc3 Rfb8 20. Rb1 h5 21. Rxb8+ Rxb8 22. d4 exd4 23. Nexd4 Qb7 24. Qa4 hxg4 25. hxg4 Kh7 26. Qxa5 Rh8 27. g5 Kg8+ 28. Kg3 Be5+ 29. Nxe5 dxe5 30. Nb5 Bxe4 31. f3 Bxf3 32. Kf2 Bh1 33. Nxc7 Qf3+ 34. Kg1 Qg2# 0-1

[Event "Junior Online 4NCL Division 4"]
[Site "online"]
[Date "2021.10.28"]
[EventDate "2021.10.28"]
[Round "6.231"]
[White "Zhu, Xiaocheng"]
[WhiteElo "736"]
[WhiteTeam "Edgware Gambits L"]
[Black "Rolletta, Sofia"]
[BlackElo "1437"]
[BlackTeam "Golden Falcons Junior 1"]
[Result "0-1"]
[PlyCount "60"]

1. e4 e6 2. d4 d5 3. exd5 exd5 4. Nc3 Nc6 5. Nf3 Nf6 6. Bb5 Bg4 7. O-O Bb4 8. Bg5 O-O 9. Bxf6 Qxf6 10. Nxd5 Bxf3 11. gxf3 Qg5+ 12. Kh1 Qxd5 13. Bxc6 bxc6 14. c3 Be7 15. Qe1 Bg5 16. Kg2 Rfe8 17. Qb1 Re2 18. h4 Bxh4 19. Rh1 Qg5+ 20. Kf1 Rxf2+ 21. Ke1 Rxf3+ 22. Kd1 Qg4 23. Kd2 Qg2+ 24. Kd1 Rf1+ 25. Rxf1 Qxf1+ 26. Kd2 Bg5+ 27. Kc2 Qe2+ 28. Kb3 Rb8+ 29. Ka3 Be7+ 30. Ka4 Qb5# 0-1

[Event "Junior Online 4NCL Division 4"]
[Site "online"]
[Date "2021.10.28"]
[EventDate "2021.10.28"]
[Round "6.232"]
[White "Rolletta, Giuseppe"]
[WhiteElo "1037"]
[WhiteTeam "Golden Falcons Junior 1"]
[Black "Dodhia, Reya"]
[BlackElo "700"]
[BlackTeam "Edgware Gambits L"]
[Result "1-0"]
[PlyCount "55"]

1. d4 d5 2. Nc3 Nf6 3. Nf3 Nc6 4. g3 e5 5. e4 dxe4 6. dxe5 Ng4 7. Qxd8+ Nxd8 8. Ng5 Be7 9. Ngxe4 O-O 10. Be2 Bf5 11. O-O Nc6 12. Rd1 Ncxe5 13. Bxg4 Bxg4 14. Rd5 Nc6 15. Rc5 Bxc5 16. Nxc5 b6 17. Nb7 Rfe8 18. Nd5 Re1+ 19. Kg2 Rae8 20. Nxc7 R8e4 21. Nd6 Rd4 22. Ndb5 Rde4 23. Nxa7 Nxa7 24. a4 Re5 25. Ra3 Rf5 26. Rd3 Bh5 27. Rd8+ Re8 28. Rxe8# 1-0

[Event "Junior Online 4NCL Division 4"]
[Site "online"]
[Date "2021.10.28"]
[EventDate "2021.10.28"]
[Round "6.233"]
[White "Dodhia, Saavir"]
[WhiteElo "700"]
[WhiteTeam "Edgware Gambits L"]
[Black "Masterskikh, Luka"]
[BlackElo "794"]
[BlackTeam "Golden Falcons Junior 1"]
[Result "1-0"]
[PlyCount "27"]

1. e4 e5 2. Bc4 Nc6 3. Nf3 f6 4. Nh4 Bc5 5. Qh5+ g6 6. Qg4 Nge7 7. Qf3 Bb6 8. Qxf6 Rf8 9. Qg7 a5 10. Nc3 Bd4 11. d3 Bxc3+ 12. bxc3 Nb8 13. Bh6 Na6 14. Qxf8# 1-0

[Event "Junior Online 4NCL Division 4"]
[Site "online"]
[Date "2021.10.28"]
[EventDate "2021.10.28"]
[Round "6.234"]
[White "Masterskikh, Elena"]
[WhiteElo "770"]
[WhiteTeam "Golden Falcons Junior 1"]
[Black "Patel, Felicity"]
[BlackElo "400"]
[BlackTeam "Edgware Gambits L"]
[Result "1/2-1/2"]
[PlyCount "105"]

1. e4 e5 2. Bc4 d6 3. Qf3 Be6 4. b3 Bxc4 5. bxc4 Nc6 6. d3 Qd7 7. Nh3 O-O-O 8. Na3 Be7 9. Qxf7 Nh6 10. Qxg7 Rhe8 11. Qxh6 Na5 12. Rb1 Rf8 13. Bd2 b6 14. Nb5 c6 15. Nc3 Rf6 16. Qxh7 Rdf8 17. Bh6 Rxf2 18. Nxf2 Bh4 19. Bxf8 Qxh7 20. g3 Bg5 21. h4 Bd8 22. Bxd6 Nb7 23. Bxe5 Qf7 24. a4 Bf6 25. Bf4 Bxc3+ 26. Ke2 Nc5 27. Nd1 Bd4 28. c3 Bg7 29. d4 Nxe4 30. c5 Nxg3+ 31. Bxg3 Qe8+ 32. Ne3 bxc5 33. Rb8+ Kd7 34. dxc5 Qxb8 35. Bxb8 Bxc3 36. h5 a5 37. Nc4 Kc8 38. Bf4 Kb7 39. h6 Ka7 40. h7 Ka8 41. Kd3 Bf6 42. Nxa5 Ka7 43. Nxc6+ Ka6 44. Nb4+ Ka5 45. Nc6+ Kxa4 46. Kc4 Ka3 47. h8=Q Bxh8 48. Rxh8 Ka2 49. Nb4+ Ka1 50. Ra8+ Kb1 51. Nd3 Kc2 52. Nb4+ Kd1 53. Re8 1/2-1/2

[Event "Junior Online 4NCL Division 4"]
[Site "online"]
[Date "2021.10.28"]
[EventDate "2021.10.28"]
[Round "6.235"]
[White "Rolletta, Sofia"]
[WhiteElo "1437"]
[WhiteTeam "Golden Falcons Junior 1"]
[Black "Zhu, Xiaocheng"]
[BlackElo "736"]
[BlackTeam "Edgware Gambits L"]
[Result "1-0"]
[PlyCount "69"]

1. d4 d5 2. e3 c6 3. c3 e6 4. Nf3 Nf6 5. g3 g6 6. Bh3 Bh6 7. b3 b6 8. Bb2 Bb7 9. O-O O-O 10. Re1 Re8 11. c4 c5 12. cxd5 c4 13. dxe6 fxe6 14. bxc4 Bxf3 15. Qxf3 Qc8 16. Qxa8 Qxc4 17. Qf3 Qc2 18. Qxf6 Qxb2 19. Bxe6+ Rxe6 20. Qxe6+ Kg7 21. Qe7+ Kg8 22. Qe8+ Kg7 23. Qxb8 Qxa1 24. Qxa7+ Kg8 25. Qxb6 Qxa2 26. Nc3 Qd2 27. Qe6+ Kf8 28. Qc8+ Kf7 29. Rd1 Qb2 30. Qc4+ Kf6 31. Ne4+ Kf5 32. Nd6+ Kg4 33. Qe6+ Kf3 34. Qe4+ Ke2 35. Qg4# 1-0